000
00215nam a2200097Ia 4500
008
170619s9999 xx 000 0 und d
100
_a
Husain- Ashfaq
245
0
_a
Eletrical Power Systems
260
_b
CBS
260
_c
2011
546
_a
ENGLISH
999
_c
19375
_d
19375